| 000 | 00378nam a2200145Ia 4500 | ||
|---|---|---|---|
| 005 | 20251222152045.0 | ||
| 008 | 251222s9999||||xx |||||||||||||| ||spa|| | ||
| 020 | _a9290432772 | ||
| 082 | _a346.04/P14 | ||
| 100 | _aPadulosi, S. | ||
| 245 | 0 | _aTaxonomy, Distribution, Conservation and Uses of Pistacia Genetic Resources | |
| 250 | _a1ra.ed. | ||
| 264 | _bIPGRI | ||
| 942 | _cLIB | ||
| 999 |
_c26207 _d26207 |
||